000 00666nam a2200217 a 4500
005 20230209063836.0
008 991125s1990 mx 000 0 spa u
020 _a9681823664
035 _aUPN01000000562
049 _aCG
050 4 _aBF723
_bD5 no.5
100 1 _aHatch, Raymond N.
245 1 0 _aActividades de orientación en la escuela primaria /
_cRaymond N. Hatch, James W. Corstar ; tr. Sonia Tancredi.
260 _aMéxico :
_bCiencia y Técnica,
_c1990.
300 _a265 p.
440 0 _aDirección de grupos ;
_v5
650 4 _aLiderazgo
_95345
650 2 _aOrientación estudiantil
_923205
700 1 _aCorstar, James W.,
_ecoaut.
905 _aLibro
999 _c562
_d562